Online
Catalog

El Instituto de Cultura Puertorriqueña, 1955-1973 : (Record no. 14255)

MARC details
000 -CABECERA
campo de control de longitud fija 00886cam a2200241 a 4500
001 - NÚMERO DE CONTROL
campo de control 000014671
005 - FECHA Y HORA DE LA ÚLTIMA TRANSACCIÓN
campo de control 20260317133558.0
008 - DATOS DE LONGITUD FIJA--INFORMACIÓN GENERAL
campo de control de longitud fija 790801m19781979pr a 000 0 spa
020 ## - NÚMERO INTERNACIONAL ESTÁNDAR DEL LIBRO
Número Internacional Estándar del Libro 8449901189
035 ## - NÚMERO DE CONTROL DEL SISTEMA
Número de control de sistema (DLC) 79109393
040 ## - FUENTE DE LA CATALOGACIÓN
Centro catalogador/agencia de origen DO-SdBNP
Lengua de catalogación spa
Centro/agencia transcriptor BNPHU
Centro/agencia modificador DLC
082 ## - NÚMERO DE LA CLASIFICACIÓN DECIMAL DEWEY
Número de clasificación 306
Número de documento/Ítem A366i
049 ## - FONDOS LOCALES (OCLC)
Fondos de biblioteca BNGR
100 1# - ENTRADA PRINCIPAL--NOMBRE DE PERSONA
Nombre de persona Alegría, Ricardo E.,
Fechas asociadas al nombre 1921-
9 (RLIN) 16251
245 13 - MENCIÓN DE TÍTULO
Título El Instituto de Cultura Puertorriqueña, 1955-1973 :
Resto del título 18 años contribuyendo a fortalecer nuestra conciencia nacional /
Mención de responsabilidad, etc. Ricardo E. Alegría.
260 ## - PUBLICACIÓN, DISTRIBUCIÓN, ETC.
Lugar de publicación, distribución, etc. San Juan de Puerto Rico :
Nombre del editor, distribuidor, etc. Instituto de Cultura Puertorriquena,
Fecha de publicación, distribución, etc. [1978].
300 ## - DESCRIPCIÓN FÍSICA
Extensión 266 p. :
Otras características físicas il. ;
Dimensiones 26 cm.
500 ## - NOTA GENERAL
Nota general Reimpresión facsimilar, 1996.
500 ## - NOTA GENERAL
Nota general Conmemoración del 40mo. aniversario del ICP.
610 10 - PUNTO DE ACCESO ADICIONAL DE MATERIA--NOMBRE DE ENTIDAD CORPORATIVA
Nombre de entidad corporativa o nombre de jurisdicción como elemento de entrada INSTITUTO DE CULTURA PUERTORRIQUEÑO.
9 (RLIN) 33231
650 #0 - PUNTO DE ACCESO ADICIONAL DE MATERIA--TÉRMINO DE MATERIA
Término de materia o nombre geográfico como elemento de entrada Cultura
9 (RLIN) 89224
910 ## - DATOS DE OPCIÓN DEL USUARIO (OCLC)
Datos de opción del usuario Catalogación derivada
Holdings
Estado de retiro Estado de pérdida Restricciones de uso No para préstamo Código de colección Localización permanente Ubicación/localización actual Ubicación en estantería Fecha de adquisición Número de inventario Total de préstamos Signatura topográfica completa Código de barras Fecha visto por última vez Precio válido a partir de Tipo de ítem Koha
      Excluido de préstamo Monografías: Libros y Folletos General General En catalogación 18.01.2010 LF1   306 A366i 14671-10 25.06.2020 25.06.2020 No se presta

Powered by Koha